Capitaines des équipes victorieuses du Championnat d'Europe de footbal - Statistiques

Statistiques générales
  • Ce quiz a été pris 47 fois
    8 depuis la dernière actualisation
  • Le résultat moyen est 8 sur 17
Statistiques - réponses
Année Équipe Capitaine % Correct
2016 Portugal Cristiano Ronaldo
100%
2000 France Didier Deschamps
100%
2008 Espagne Iker Casillas
100%
2012 Espagne Iker Casillas
100%
1984 France Michel Platini
100%
1972 Allemagne de l'Ouest Franz Beckenbauer
71%
1988 Pays-Bas Ruud Gullit
71%
2020 Italie Giorgio Chiellini
57%
2024 Espagne Álvaro Morata
43%
1996 Allemagne de l'Ouest Jürgen Klinsmann
14%
1992 Danemark Lars Olsen
14%
1976 Tchécoslovaquie Anton Ondruš
0%
1980 Allemagne de l'Ouest Bernard Dietz
0%
1964 Espagne Fernando Olivella
0%
1968 Italie Giacinto Facchetti
0%
1960 Union soviétique Igor' Netto
0%
2004 Grèce Theodōros Zagorakīs
0%
Aucun quiz correspondant
Distribution des résultats
% des personnes avec chaque résultat
Percentile par nombre de réponses
Votre historique - résultats
Vous n’avez pas pris ce quiz depuis la dernière actualisation